00177 a2200073 4500020001800000082001700018100003000035245003800065 a9781770105638 a968.062 MAND aMadikizela-Mandela Winnie a491 Days: prisoner number 1323/69